Cấp thoát nước trong nhà và công trình

Gardado en:
Detalles Bibliográficos
Formato: Libro
Idioma:Undetermined
Publicado:  Xây dựng  2023
Những chủ đề:
Các nhãn: Engadir etiqueta
Sen Etiquetas, Sexa o primeiro en etiquetar este rexistro!
Thư viện lưu trữ: Trung tâm Thư viện - Trường Đại học Công nghiệp TP. Hồ Chí Minh
LEADER 00487nam a2200133Ia 4500
001 IUH_2025_00331
008 251224s9999 xx 000 0 und d
082 |a  628.1 
245 0 |a Cấp thoát nước trong nhà và công trình 
260 |b  Xây dựng 
260 |c  2023 
650 |a  Công trình cấp thoát nước; Cấp thoát nước;  
927 |a Sách 
980 |a Trung tâm Thư viện - Trường Đại học Công nghiệp TP. Hồ Chí Minh